| 000 | 00000nam##2200000za#4500 |
| 001 | 9.675336 |
| 003 | CaOODSP |
| 005 | 20210624225218 |
| 007 | cr ||||||||||| |
| 008 | 150407|2001||||xxc|||||o f|0| 0 fre|d |
| 040 | |aCaOODSP|bfre |
| 041 | |aeng |
| 041 | |afre |
| 043 | |an-cn--- |
| 086 | 1 |aCW66-203/2001-PDF |
| 110 | 1 |aCanada. |bEnvironnement Canada. |
| 245 | 10|aGuide d'identification CITES - esturgeons et spatules |h[ressource électronique] |
| 260 | |aOttawa - Ontario : |bEnvironnement Canada |cc2001. |
| 300 | |a181p.|bfigures (certaines en couleur), glossaire, ill. (certaines en couleur), cartes (certaines en couleur), tableau |
| 500 | |aDonnées de catalogage avant publication (Canada) imprimées dans cette publication. |
| 500 | |aLe n° de catalogue (CW66-203/2001) et l’ISBN (0-660-61641-6) de l'édition imprimée bilingue ont été incorrectement copiés dans cette édition électronique. |
| 546 | |aTexte en français, anglais et espagnol |
| 590 | |a11-07-Supp|b2011-05-17 |
| 691 | 07|aBiologie marine|2gcpds |
| 691 | 07|aPoisson|2gcpds |
| 691 | 07|aProduit agro-alimentaire|2gcpds |
| 776 | 0#|tCITES identification guide -- sturgeons and paddlefish |w(CaOODSP)9.662937 |
| 791 | |tCITES identification guide - sturgeons and paddlefish |eeng|w(CaOODSP)9.675335 |
| 856 | 40|ahttp://publications.gc.ca|qPDF|s10.42 Mo|uhttps://publications.gc.ca/collections/collection_2011/ec/CW66-203-2001.pdf |